les 100 plus gros transferts de Liga - Statistiques

Statistiques générales
  • Ce quiz a été pris 62 fois
  • Le résultat moyen est 64 sur 100
Statistiques - réponses
Rang Saison Club de départ Club d'arrivée Montant Réponse % Correct
1 17/18 Barcelona PSG 222 000 000 M Neymar
100%
11 13/14 Santos Barcelona 88 000 000 M Neymar
100%
12 19/20 Ajax Barcelona 86 000 000 M Frenkie de Jong
98%
4 19/20 Benfica Atletico Madrid 127 200 000 M Joao Félix
98%
40 24/25 Atletico Madrid Chelsea 52 000 000 M Joao Félix
98%
7 19/20 Atletico Madrid Barcelona 120 000 000 M Antoine Griezmann
96%
39 14/15 Sociedad Atletico Madrid 54 000 000 M Antoine Griezmann
96%
8 18/19 Real Madrid Juventus 117 000 000 M Cristiano Ronaldo
96%
10 09/10 Manchester United Real Madrid 94 000 000 M Cristiano Ronaldo
96%
2 17/18 Borussia Dortmund Barcelona 148 000 000 M Ousmane Dembélé
96%
42 23/24 Barcelona PSG 50 000 000 M Ousmane Dembélé
96%
3 17/18 Liverpool Barcelona 135 000 000 M Philippe Coutinho
96%
5 23/24 Borussia Dortmund Real Madrid 127 000 000 M Jude Bellingham
94%
15 22/23 AS Monaco Real Madrid 80 000 000 M Aurélien Tchouameni
93%
9 13/14 Tottenham Real Madrid 101 000 000 M Gareth Bale
93%
13 14/15 Liverpool Barcelona 81 720 000 M Luis Suarez
93%
56 02/03 Inter Real Madrid 45 000 000 M Ronaldo
93%
26 19/20 Atletico Madrid Manchester City 70 000 000 M Rodri
89%
19 01/02 Juventus Real Madrid 77 500 000 M Zinedine Zidane
89%
6 19/20 Chelsea Real Madrid 120 800 000 M Eden Hazard
87%
23 18/19 AS Monaco Atletico Madrid 72 000 000 M Thomas Lemar
87%
44 22/23 Sevilla Barcelona 50 000 000 M Jules Koundé
85%
98 19/20 Girondins de Bordeaux Sevilla 35 000 000 M Jules Koundé
85%
21 14/15 AS Monaco Real Madrid 75 000 000 M James Rodriguez
83%
20 24/25 Manchester City Atletico Madrid 75 000 000 M Julian Alvarez
83%
16 19/20 Atletico Madrid Bayern 80 000 000 M Lucas Hernandez
80%
22 14/15 Real Madrid Manchester United 75 000 000 M Angel Di Maria
78%
36 22/23 Leeds Barcelona 58 000 000 M Raphinha
78%
24 22/23 Real Madrid Manchester United 70 650 000 M Casemiro
76%
28 09/10 Milan Real Madrid 67 000 000 M Kaka
76%
35 00/01 Barcelona Real Madrid 60 000 000 M Luis Figo
74%
18 22/23 Sociedad Newcastle 77 500 000 M Alexander Isak
72%
32 25/26 Bournemouth Real Madrid 62 500 000 M Dean Huijsen
72%
49 24/25 Palmeiras Real Madrid 47 500 000 M Endrick
72%
83 07/08 Atletico Madrid Liverpool 38 000 000 M Fernando Torres
72%
38 21/22 Manchester City Barcelona 55 000 000 M Ferran Torres
72%
31 19/20 Frankfurt Real Madrid 63 000 000 M Luka Jovic
72%
52 22/23 Bayern Barcelona 45 000 000 M Robert Lewandowski
72%
53 19/20 Santos Real Madrid 45 000 000 M Rodrygo
72%
55 18/19 Flamengo Real Madrid 45 000 000 M Vinicius Junior
72%
25 25/26 Sociedad Arsenal 70 000 000 M Martin Zubimendi
70%
47 19/20 Lyon Real Madrid 48 000 000 M Ferland Mendy
69%
33 20/21 Juventus Barcelona 60 000 000 M Miralem Pjanic
69%
27 09/10 Inter Barcelona 69 500 000 M Zlatan Ibrahimovic
69%
14 20/21 Barcelona Juventus 80 600 000 M Arthur Melo
67%
37 24/25 Leipzig Barcelona 55 000 000 M Dani Olmo
67%
17 18/19 Bilbao Chelsea 80 000 000 M Kepa
67%
100 18/19 Chelsea Real Madrid 35 000 000 M Thibaut Courtois
67%
59 13/14 Atletico Madrid AS Monaco 43 000 000 M Radamel Falcao
65%
77 11/12 Porto Atletico Madrid 40 000 000 M Radamel Falcao
65%
70 21/22 Real Madrid Manchester United 40 000 000 M Raphael Varane
65%
30 17/18 Bilbao Manchester City 65 000 000 M Aymeric Laporte
63%
66 19/20 Barcelona Zenit 41 500 000 M Malcom
63%
67 18/19 Girondins de Bordeaux Barcelona 41 000 000 M Malcom
63%
29 17/18 Real Madrid Chelsea 66 000 000 M Alvaro Morata
61%
97 20/21 Chelsea Atletico Madrid 35 000 000 M Alvaro Morata
61%
50 13/14 Real Madrid Arsenal 47 000 000 M Mesut Ozil
61%
34 17/18 Chelsea Atletico Madrid 60 000 000 M Diego Costa
59%
82 14/15 Atletico Madrid Chelsea 38 000 000 M Diego Costa
59%
58 20/21 Real Madrid Inter 43 000 000 M Achraf Hakimi
57%
43 23/24 Atletico Madrid Wolves 50 000 000 M Matheus Cunha
57%
95 21/22 Leipzig Atletico Madrid 35 000 000 M Matheus Cunha
57%
76 11/12 Atletico Madrid Manchester City 40 000 000 M Sergio Aguero
57%
61 14/15 Barcelona Arsenal 42 500 000 M Alexis Sanchez
56%
84 03/04 Manchester United Real Madrid 37 500 000 M David Beckham
56%
46 19/20 Porto Real Madrid 50 000 000 M Eder Militao
56%
45 20/21 Atletico Madrid Arsenal 50 000 000 M Thomas Partey
56%
41 25/26 Benfica Real Madrid 50 000 000 M Alvaro Carreras
52%
79 13/14 Real Madrid Napoli 39 000 000 M Gonzalo Higuain
52%
64 18/19 Barcelona Shanghai 42 000 000 M Paulinho
52%
73 17/18 Guangzhou Barcelona 40 000 000 M Paulinho
52%
96 21/22 Udinese Atletico Madrid 35 000 000 M Rodrigo de Paul
52%
51 25/26 River Plate Real Madrid 45 000 000 M Franco Mastantuono
50%
72 18/19 PSG Valencia 40 000 000 M Gonçalo Guedes
50%
75 12/13 Bilbao Bayern 40 000 000 M Javi Martinez
50%
54 19/20 Real Madrid Chelsea 45 000 000 M Mateo Kovacic
50%
81 15/16 Inter Real Madrid 38 000 000 M Mateo Kovacic
50%
71 19/20 Sevilla AS Monaco 40 000 000 M Wissam Ben Yedder
50%
65 15/16 Atletico Madrid Shanghai 42 000 000 M Jackson Martinez
48%
60 08/09 Real Madrid Manchester City 43 000 000 M Robinho
48%
94 21/22 Real Madrid Arsenal 35 000 000 M Martin Odegaard
46%
63 24/25 Chelsea Atletico Madrid 42 000 000 M Conor Gallagher
44%
78 10/11 Valencia Barcelona 40 000 000 M David Villa
43%
92 08/09 Sevilla Barcelona 35 500 000 M Dani Alves
41%
69 18/19 Valencia Juventus 40 400 000 M Joao Cancelo
41%
62 25/26 Villarreal Atletico Madrid 42 000 000 M Alex Baena
39%
87 14/15 Bilbao Manchester United 36 000 000 M Ander Herrera
39%
93 99/00 Arsenal Real Madrid 35 000 000 M Nicolas Anelka
39%
85 23/24 Villarreal Chelsea 37 000 000 M Nicolas Jackson
35%
68 16/17 Valencia Arsenal 41 000 000 M Shkodran Mustafi
33%
88 18/19 Sevilla Barcelona 35 900 000 M Clément Lenglet
31%
74 17/18 Villarreal Beijing 40 000 000 M Cédric Bakambu
30%
80 16/17 Villarreal Manchester United 38 000 000 M Eric Bailly
30%
86 16/17 Valencia Barcelona 37 000 000 M André Gomes
28%
57 15/16 Valencia Manchester City 44 500 000 M Nicolas Otamendi
28%
90 17/18 Benfica Barcelona 35 700 000 M Nelson Semedo
26%
89 01/02 River Plate Barcelona 35 900 000 M Javier Saviola
22%
99 19/20 Barcelona Valencia 35 000 000 M Jasper Cillessen
20%
48 01/02 Valencia Lazio 48 000 000 M Gaizka Mendieta
17%
91 17/18 Sevilla Atletico Madrid 35 600 000 M Vitolo
13%
Aucun quiz correspondant
Distribution des résultats
% des personnes avec chaque résultat
Percentile par nombre de réponses
Votre historique - résultats
Vous n’avez pas pris ce quiz